000 00479nam a2200157 i 4500
001 74689
003 ES-MaACL
005 20230906172221.0
007 t|
008 040920s1979 sp ||||1| spa d
100 1 _aGonzález Torices, José.
_958985
245 1 0 _aCuentos y decires de la vieja Castilla /
_cJosé González Torices.
260 _aValladolid :
_bDiputación Provincial de Valladolid,
_c1979.
300 _a304 p. ;
_c24 cm.
852 _aES-MaACL
_jA-10562
_bR.99549
999 _c74689
_d74689